Luật thương mại và các quy định mới về xử phạt vi phạm hành chính trong hoạt động thương mại

Sách giới thiệu luật Thương mại số 36/2005/QH11 ngày 14-6-2005 của Quốc hội nước Cộng hòa Xã hội Chủ nghĩa Việt Nam và Nghị định số 06-01-2008 của Chính phủ quy định về xử phạt vi phạm hành chính trong hoạt động thương mại....

全面介绍

Đã lưu trong:
书目详细资料
格式: 图书
语言:Undetermined
出版: Thành phố Hồ Chí Minh Hồng Đức 2009
主题:
标签: 添加标签
没有标签, 成为第一个标记此记录!
Thư viện lưu trữ: Trung tâm Học liệu Trường Đại học Cần Thơ
LEADER 00946nam a2200193Ia 4500
001 CTU_155774
008 210402s9999 xx 000 0 und d
020 |c 36000 
082 |a 346.59707 
082 |b L504 
245 0 |a Luật thương mại và các quy định mới về xử phạt vi phạm hành chính trong hoạt động thương mại 
260 |a Thành phố Hồ Chí Minh 
260 |b Hồng Đức 
260 |c 2009 
520 |a Sách giới thiệu luật Thương mại số 36/2005/QH11 ngày 14-6-2005 của Quốc hội nước Cộng hòa Xã hội Chủ nghĩa Việt Nam và Nghị định số 06-01-2008 của Chính phủ quy định về xử phạt vi phạm hành chính trong hoạt động thương mại. 
650 |a Commercial law 
650 |z Vietnam 
904 |i Giang 
980 |a Trung tâm Học liệu Trường Đại học Cần Thơ